[Event "DEN-ch sf1"]
[Site "Svendborg"]
[Date "2024.03.29"]
[Round "5"]
[White "Veiergang, Oscar Jacob"]
[Black "Perets, Dmitry"]
[Result "0-1"]
[WhiteElo "2041"]
[BlackElo "2137"]
[PlyCount "48"]
[EventDate "2024.03.29"]
[EventType "swiss"]
[EventRounds "7"]
[EventCountry "DEN"]
[SourceTitle "CB16_2024"]
[SourceDate "2024.04.17"]
[SourceVersion "1"]
[SourceVersionDate "2024.04.17"]
[SourceQuality "1"]

1. e4 c5 2. Nc3 Nc6 3. Bb5 Nd4 4. Nf3 g6 5. Bc4 Bg7 6. Nxd4 cxd4 7. Qf3 Nh6 8. d3 0-0 9. Ne2 Qb6 10. h4 Ng4 11. Bb3 h5 12. Qg3 e6 13. f3 Ne3 14. Bxe3 dxe3 15. c3 a5 16. 0-0-0 a4 17. Bc2 a3 18. b3 Bxc3 19. Nxc3 Qd4 20. Qe1 Ra6 21. Bb1 Rc6 22. Kc2 b5 23. b4 Qxb4 24. d4 Ba6 0-1